Normal view
MARC view
Entry Personal Name
001 - CONTROL NUMBER
- control field: 5929
003 - CONTROL NUMBER IDENTIFIER
- control field: OSt
005 - DATE AND TIME OF LATEST TRANSACTION
- control field: 20151102145944.0
008 - FIXED-LENGTH DATA ELEMENTS
- fixed length control field: 151102|| aca||aabn | a|a d
040 ## - CATALOGING SOURCE
- Original cataloging agency: OSt
- Transcribing agency: OSt
100 ## - HEADING--PERSONAL NAME
- Personal name: Arnove, Robert F.; Torres, C. Alberto; Franz, Stephen
670 ## - SOURCE DATA FOUND
- Source citation: Work cat.: (OSt): Arnove, Robert F.; Torres, C. Alberto; Franz, Stephen, Comparative Education:, 2013
